Petua untuk sentiasa ceria [ Dato' Dr. Haji Mohd Fadzilah Kamsah

General viewing for all ages (U)

Bibliographic Details
Main Author: Roslan Mustafa
Format: Book
Published: Kuala Lumpur : Telaga Biru Sdn Bhd , 2003
Subjects:

MARC

LEADER 00000cam a2200000 7i4500
001 0000085435
005 20040630.0
090 0 0 |a 158.1   |b MOH 
100 0 |a Roslan Mustafa 
245 1 0 |a Petua untuk sentiasa ceria [  |h video compact disc] :   |b Dato' Dr. Haji Mohd Fadzilah Kamsah   |c Roslan Mustafa 
260 |a Kuala Lumpur :   |b Telaga Biru Sdn Bhd ,   |c 2003 
300 |a 1 Video compact disc (58 minutes) 
500 |a Library has 2 copies 
520 0 |a General viewing for all ages (U) 
650 0 0 |a Motivation and personality 
650 0 0 |a Self improvement 
999 |a AV 09023   |b VIDEO COMPACT DISC   |c PINJAMAN   |e PERPUSTAKAAN KOMUNITI PETALING JAYA 
999 |a AV 09024   |b VIDEO COMPACT DISC   |c PINJAMAN   |e PERPUSTAKAAN KOMUNITI PETALING JAYA